000 01066nam a22002297a 4500
005 20210325205949.0
008 s2554 th ||||| |||| 00| 0 tha d
020 _a9786169092841
050 _aTR590 ค762ค 2554
100 0 _aเคลบี, สก็อต
245 1 0 _aเคล็ด(ไม่)ลับ การจัดแสง ถ่ายภาพสวย :
_bPhoto recipes live : behind the scenes vol. 2
260 3 _aกรุงเทพฯ :
_bทรู ดิจิตอล คอนเท้นท์ แอนด์ มีเดีย,
_c2554
300 _a85 หน้า :
_b ภาพประกอบ ;
_c 22 ซม.
650 0 4 _aการส่องสว่าง
650 0 4 _aการถ่ายภาพ -- เทคนิคดิจิตอล
650 0 4 _aการถ่ายภาพ -- การจัดแสง
850 _aNALT
942 _cGB
997 _a40094
997 _c000000000064907
998 _aนางสุกัญญา กัลยา
999 _c64907
_d64907